01085naa#a2200217#i#4500001001600000005001700016011001400033100004100047102000700088200025100095210005800346215001000404608004500414675012200459700005200581700004600633700005400679700006400733700005800797856001200855RU\\bibl\12057720260429111646.3##a2587-6740##a20260415b2026####ek#y0rusy0150####ca##aRU1#aТехнологические аспекты организации рационального землепользования на особо ценных сельскохозяйственных земляхeЖурнальная статья1#aМоскваcЭлектронная наукаd2026##a5 с.##aЖурнальная статья2local##aМеры по поддержанию и повышению уровня использования земли. 332.37#1aСвинцоваgТатьяна Юрьевна#1aНосовgСергей Иванович#1aБондаревgБорис Евгеньевич#1aВершининgВалентин Валентинович#1aАлешинаgМарина Владимировна4#amshj.ru